00472nam a2200145 a 450000100100000000500170001000800410002702000150006804000250008310000200010824500580012826000490018630000590023550400320029400004458620201002045500.0140718s1996 ck abc 000 0 spa d z8482808980 aDO-SdBNPbspacBNPHU1 aCastillo, Fabio10aLos nuevos jinetes de la cocaína /cFabio Castillo. aSantafé de Bogotá :bOveja Negra,c1996. a231 p. :bil, retrs., mapas, [12] p. de lam. ;c24 cm. aBibliografía : p. 229-230